000 00526nam a2200193 i 4500
001 bg
100 1 _aWIRTH, Niklaus
245 0 _aModula 2 /
_cNiklaus Wirth.
260 _aWarszawa :
_bWydawnictwa Naukowo-Techniczne,
_c1987.
490 1 _aBiblioteka Inżynierii Oprogramowania
650 9 _aModula
655 _aPodręczniki akademickie
830 _aBiblioteka Inżynierii Oprogramowania
040 _cBPK
041 _apol
080 _a004.438(075.8)
942 _cKS
008 s pl f |000 0 pol
999 _c23504
_d23504
856 _uhttp://koha.tu.koszalin.pl/cgi-bin/koha/opac-detail.pl?biblionumber=23504
_yKatalog online BPK